000 00720nam a2200229 4500
005 20240530111000.0
008 230207s2021 ua g 00| 0dara d
017 _a2021/9298
_bمصر. دار الكتب
020 _a9789774906077
040 _aEG-CaGPL
_cEG-CaGPL
082 0 4 _221
_a813.01
_bج ب
100 0 _aجليلة القاضى
245 1 0 _aبرج الحوت :
_bقصص /
_cجليلة القاضى
250 _aط.1
260 _aالقاهرة :
_bدار العين للنشر،
_c2021.
300 _a158 ص.؛
_c19 سم.
650 0 7 _2qrmak
_aالادب العربى
650 0 7 _2qrmak
_aالقصص العربية القصيرة
651 _2qrmak
942 _2ddc
_cBK
999 _c67160
_d67160